Statystyki dla Trasa Warszawskiej linii autobusowej 504

Kliknij tutaj aby rozwiązać quiz!

Ogólne statystyki

  • Ten quiz został rozwiązany 15 razy
  • Średni wynik to 19 z 26

Statystyki odpowiedzi

DzielnicaPrzystanek% Poprawnych
Śródmieście / OchotaDworzec Centralny
90%
Śródmieście / OchotaDworzec Centralny
90%
UrsynówMetro Kabaty
90%
UrsynówOsiedle Kabaty
90%
Włochy / MokotówPKP Służewiec
90%
UrsynówMałej Łąki
80%
WłochyNovotel
80%
UrsynówOsiedle Wyżyny
80%
MokotówPostępu
80%
MokotówRondo Unii Europejskiej
80%
MokotówWynalazek
80%
OchotaBanacha-Szpital
70%
MokotówGotarda
70%
UrsynówMiklaszewskiego
70%
Ochota / WolaPlac Zawiszy
70%
Ochota / MokotówRakowiec
70%
WłochySasanki
70%
UrsynówStryjeńskich
70%
UrsynówCentrum Onkologii
60%
UrsynówMalinowskiego
60%
OchotaPomnik Lotnika
60%
OchotaUniwersytet Medyczny
60%
UrsynówWarchałowskiego
60%
UrsynówMielczarskiego
50%
UrsynówPoleczki
50%
UrsynówRybałtów
50%

Rozkład punktacji

Percentyl według liczby udzielonych odpowiedzi

Procent ludzi z każdym wynikiem

Twoja historia wyników

Nie rozwiązałeś tego quizu